[Event "Niedersachsen-chT U14"]
[Site "Verden"]
[Date "2006.05.27"]
[Round "6.3"]
[White "Engelbrecht, Philipas"]
[Black "Walther, Jonas"]
[Result "0-1"]
[WhiteElo "966"]
[BlackElo "1577"]
[PlyCount "102"]
[EventDate "2006.05.25"]
[EventType "team"]
[EventRounds "7"]
[EventCountry "GER"]
[SourceTitle "EXT 2007"]
[Source "ChessBase"]
[SourceDate "2006.11.23"]
[SourceVersion "1"]
[SourceVersionDate "2006.11.23"]
[SourceQuality "1"]

1. e4 e5 2. Bc4 Nc6 3. Nf3 Bc5 4. d3 h6 5. 0-0 Nf6 6. Nc3 d6 7. h3 0-0 8. b3 Be6 9. Bb5 a6 10. Bxc6 bxc6 11. Bb2 Qe7 12. Ne2 Rad8 13. c4 Bd7 14. Qc2 Nh7 15. Rad1 Ng5 16. Nxg5 Qxg5 17. Ng3 f5 18. exf5 Bxf5 19. Qd2 Qg6 20. Nxf5 Rxf5 21. d4 exd4 22. Bxd4 Bxd4 23. Qxd4 Rdf8 24. Rd2 Rg5 25. f3 Rg3 26. Qa7 Rxh3 27. Kf2 Qg3+ 28. Ke2 Qxg2+ 29. Qf2 Rh2 30. Qxg2 Rxg2+ 31. Rf2 Rxf2+ 32. Kxf2 Re8 33. Kg3 Kf7 34. Kf4 Kf6 35. Kg4 g6 36. Rd3 h5+ 37. Kh4 Kf5 38. Rd4 g5+ 39. Kh3 Re2 40. a4 Ke5 41. Rd3 Kf4 42. Rd4+ Kxf3 43. Rd3+ Re3 44. Rxe3+ Kxe3 45. Kg3 g4 46. b4 h4+ 47. Kxg4 Kd4 48. c5 dxc5 49. bxc5 Kxc5 50. Kxh4 Kd4 51. Kg3 Ke3 0-1

[Event "Niedersachsen-chT U14"]
[Site "Verden"]
[Date "2006.05.26"]
[Round "3.4"]
[White "Engelbrecht, Philipas"]
[Black "Hurink, Maarten"]
[Result "0-1"]
[WhiteElo "966"]
[BlackElo "1400"]
[PlyCount "74"]
[EventDate "2006.05.25"]
[EventType "team"]
[EventRounds "7"]
[EventCountry "GER"]
[SourceTitle "EXT 2007"]
[Source "ChessBase"]
[SourceDate "2006.11.23"]
[SourceVersion "1"]
[SourceVersionDate "2006.11.23"]
[SourceQuality "1"]

1. e4 e6 2. Nc3 d5 3. exd5 exd5 4. d4 c6 5. h3 Bd6 6. Nf3 Ne7 7. Bg5 f6 8. Be3 Bf5 9. Bd3 Qc7 10. Qe2 Nd7 11. 0-0-0 0-0-0 12. Bxf5 Nxf5 13. Qd3 Nxe3 14. Qxe3 Bf4 15. Rhe1 Bxe3+ 16. Rxe3 Rde8 17. Rde1 Rxe3 18. Rxe3 Nb6 19. b3 Kd8 20. a4 Re8 21. a5 Nc8 22. b4 Rxe3 23. fxe3 Nd6 24. Na4 b6 25. axb6 axb6 26. c3 Nc4 27. g4 Nxe3 28. Kd2 Nc4+ 29. Kd3 Qg3 30. Ke2 Qg2+ 31. Ke1 Qxf3 32. h4 Qe3+ 33. Kf1 Nd2+ 34. Kg2 Qf3+ 35. Kg1 Ne4 36. Nxb6 Qf2+ 37. Kh1 Ng3# 0-1

[Event "Niedersachsen-chT U14"]
[Site "Verden"]
[Date "2006.05.25"]
[Round "2.4"]
[White "Kroemker, Lars"]
[Black "Engelbrecht, Philipas"]
[Result "1/2-1/2"]
[WhiteElo "1080"]
[BlackElo "966"]
[PlyCount "32"]
[EventDate "2006.05.25"]
[EventType "team"]
[EventRounds "7"]
[EventCountry "GER"]
[SourceTitle "EXT 2007"]
[Source "ChessBase"]
[SourceDate "2006.11.23"]
[SourceVersion "1"]
[SourceVersionDate "2006.11.23"]
[SourceQuality "1"]

1. e4 e5 2. Nf3 Nc6 3. Bb5 Bc5 4. Nc3 d6 5. d4 exd4 6. Nxd4 Bd7 7. Nxc6 Bxc6 8. Bxc6+ bxc6 9. Qf3 Qf6 10. Qg3 Ne7 11. 0-0 0-0 12. b3 Bd4 13. Bd2 Be5 14. Bg5 Bxg3 15. Bxf6 Bxh2+ 16. Kxh2 gxf6 1/2-1/2